Estudios de derecho procesal civil
Saved in:
| Main Author: | |
|---|---|
| Format: | Book |
| Language: | Spanish |
| Published: |
Santiago
Puntolex
2010
|
| Series: | Obras Couture
|
| Subjects: | |
| Tags: |
Add Tag
No Tags, Be the first to tag this record!
|
MARC
| LEADER | 00000nam a2200000 a 4500 | ||
|---|---|---|---|
| 001 | UCG2992 | ||
| 003 | CL-VaPUC | ||
| 008 | 100805e20100610CL |||||||||||||||||spa|d | ||
| 020 | |a 9789563370249 | ||
| 082 | 0 | 4 | |a 347.05 |b COU |2 21 |
| 100 | 0 | |a Couture, Eduardo Juan |e author |9 404214 | |
| 245 | 1 | 0 | |a Estudios de derecho procesal civil |
| 300 | |a 3 v, 3 t | ||
| 942 | |c BK | ||
| 945 | |d 20100805 00:00:00 |a mfarfan | ||
| 260 | |a Santiago |b Puntolex |c 2010 | ||
| 500 | |a v.1: La constitución y el proceso civil | ||
| 500 | |a v.2: Pruebas en material civil | ||
| 500 | |a v.3: El juez, las partes y el proceso | ||
| 650 | 0 | |a Derecho procesal civil |9 258071 | |
| 650 | 0 | |a Derecho procesal penal |9 256392 | |
| 650 | 0 | |a Derecho constitucional |9 222588 | |
| 650 | 0 | |a Poder judicial |9 254871 | |
| 650 | 0 | |a Administración de justicia |9 382749 | |
| 583 | |a last modification |c 20100805 00:00:00 |k Rodrigo Vera | ||
| 490 | 0 | |a Obras Couture | |
| 999 | |c 342093 |d 342091 | ||
| 952 | |0 0 |1 0 |4 0 |6 347_050000000000000_COU_2010 |7 0 |8 A |9 438054 |a BIBDER |b BIBDER |d 2019-11-22 |h v.1 t.2 |i 470195K |l 3 |m 2 |o 347.05 COU 2010 |p 470195K |r 2023-11-15 |s 2023-11-15 |w 2019-11-22 |y BK |k DER | ||
| 952 | |0 0 |1 0 |4 0 |6 347_050000000000000_COU_2010 |7 0 |8 A |9 438055 |a BIBDER |b BIBDER |d 2019-11-22 |h v.2 t.3 |i 4701968 |l 1 |o 347.05 COU 2010 |p 4701968 |r 2023-11-15 |s 2023-11-15 |w 2019-11-22 |y BK |k DER | ||
| 952 | |0 0 |1 0 |4 0 |6 347_050000000000000_COU_2010 |7 0 |8 A |9 438056 |a BIBDER |b BIBDER |d 2019-11-22 |h v.3 t.4 |i 4701976 |l 3 |o 347.05 COU 2010 |p 4701976 |r 2024-05-15 |s 2024-05-15 |w 2019-11-22 |y BK |k DER | ||